000 00832cab a22002055a 4500
001 L148919
008 091130e20091031xxka f 000 0 eng d
035 _a(Sirsi) u148919
041 0 _aeng
100 1 _aPinnock, Roy
245 0 0 _aFun and games
260 _c2009
490 _aEstates Gazette
_v(0942) 31 October 2009, 94-96(3)
520 _aExamines two decisions taken by inspectors regarding town and village greens. Suggests that recent changes give more power to those who contest a development but may prevent approved schemes from being carried out. Proposes some required changes to prevent current rules from disqualifying schemes that could otherwise be eligible.
590 _aKA
650 2 4 _aCOMMONS ACT 2006
651 4 _aEngland and Wales
_y1543-
690 _aPlanning and development
_96259
942 _n0
999 _c82003
_d82003